World Attractions Quiz - Statistics

General Stats
  • This quiz has been taken 1,522 times
  • The average score is 17 of 30
Answer Stats
Hint Answer % Correct
Metropolitan Museum of Art New York City
91%
Forbidden City Beijing
90%
Red Square Moscow
90%
Musee d'Orsay Paris
88%
Tate Modern London
80%
Spanish Steps Rome
80%
Plaza Mayor Madrid
79%
Hagia Sophia Istanbul
78%
Burj Al Arab Dubai
74%
Copacabana Beach Rio de Janeiro
74%
Parliament House of Australia Canberra
72%
Senso-ji Tokyo
69%
Casa Batllo Barcelona
67%
Gateway of India Mumbai
62%
Step Pyramid of Djoser Cairo
60%
Rijksmuseum Amsterdam
59%
Table Mountain Cape Town
58%
Victoria Peak Hong Kong
56%
Temple of the Emerald Buddha Bangkok
55%
Uffizzi Gallery Florence
54%
Mount of Olives Jerusalem
53%
Gyeongbokgung Palace Seoul
48%
Chiang-Kai Shek Memorial Hall Taipei
34%
Grand-Place Brussels
30%
Hieronymites Monastery Lisbon
26%
Museo del Oro (Gold Museum) Bogota
19%
Victoria Memorial Kolkata
18%
Castle of If Marseille
17%
Chinese Night Market Kuala Lumpur
16%
Koutoubia Mosque and Minaret Marrakech
9%
No matching quizzes found
Score Distribution
Percent of People with Each Score
Percentile by Number Answered
Your Score History
You have not taken this quiz